BIBLIOTECA

SENCICO

Gobierno de personas en la empresa / (Registro nro. 4105)

Detalles MARC
000 -LEADER
fixed length control field 00857nam a22002777a 4500
003 - CONTROL NUMBER IDENTIFIER
control field PE SENCICO BE
005 - DATE AND TIME OF LATEST TRANSACTION
control field 20251020182635.0
008 - FIXED-LENGTH DATA ELEMENTS--GENERAL INFORMATION
fixed length control field 230414b |||||||| |||| 00| 0 eng d
020 ## - INTERNATIONAL STANDARD BOOK NUMBER
International Standard Book Number 9972-48-055-0
040 ## - CATALOGING SOURCE
Original cataloging agency PE SENCICO BE
Transcribing agency PE SENCICO BE
041 ## - LANGUAGE CODE
Language code of text/sound track or separate title spa
082 ## - DEWEY DECIMAL CLASSIFICATION NUMBER
Classification number 658.403
Item number F39
-- 2014
100 1# - MAIN ENTRY--PERSONAL NAME
9 (RLIN) 929
Personal name Ferreiro, Pablo
Relator term autor
245 1# - TITLE STATEMENT
Title Gobierno de personas en la empresa /
Statement of responsibility, etc. Pablo Ferreiro, Manuel Alcázar
250 ## - EDITION STATEMENT
Edition statement 6a ed.
260 ## - PUBLICATION, DISTRIBUTION, ETC.
Place of publication, distribution, etc. Lima :
Name of publisher, distributor, etc. Universidad de Piura. Escuela de Dirección,
Date of publication, distribution, etc. 2014
300 ## - PHYSICAL DESCRIPTION
Extent 303 p. :
Other physical details tabls.,
Dimensions 24 cm.
650 14 - SUBJECT ADDED ENTRY--TOPICAL TERM
9 (RLIN) 930
Topical term or geographic name entry element Toma de decisiones
650 24 - SUBJECT ADDED ENTRY--TOPICAL TERM
9 (RLIN) 416
Topical term or geographic name entry element Administración de empresas
650 24 - SUBJECT ADDED ENTRY--TOPICAL TERM
9 (RLIN) 931
Topical term or geographic name entry element Liderazgo
650 24 - SUBJECT ADDED ENTRY--TOPICAL TERM
9 (RLIN) 932
Topical term or geographic name entry element Recursos humanos
650 24 - SUBJECT ADDED ENTRY--TOPICAL TERM
9 (RLIN) 933
Topical term or geographic name entry element Motivación
650 24 - SUBJECT ADDED ENTRY--TOPICAL TERM
9 (RLIN) 934
Topical term or geographic name entry element Comunicación organizacional
910 ## - USER-OPTION DATA (OCLC)
-- hfp
-- hfp
942 ## - ADDED ENTRY ELEMENTS (KOHA)
Source of classification or shelving scheme Dewey Decimal Classification
Koha item type Libros
Existencias
Fecha de la última vez que lo usaron Número de ingreso o de inventario Pago total Signatura topográfica completa Precio efectivo desde Tipo de documento Estado perdido Sistema de clasificación Estado dañado No es para préstamo Retirado Ubicación permanente Ubicación actual Fecha de adquisición
14/04/2023 16103   658.403/F39/2014 14/04/2023 Libros   Dewey Decimal Classification       Biblioteca Central Lima Biblioteca Central Lima 14/04/2023